000 00247nam a2200097Ia 4500
001 1220677
005 20250827092815.0
008 250824s9999 xx 000 0 und d
245 0 _aÜÇ ARKADAŞ
_cERICH MARIA REMARQUE
260 _bEVEREST YAYINLARI
999 _c1220677
_d1220677